MARC details
| 000 -LEADER |
| campo de control de longitud fija |
02371nac a2200301 a 4500 |
| 003 - IDENTIFICADOR DE NÚMERO DE CONTROL |
| campo de control |
CO-PeBPM |
| 005 - FECHA Y HORA DE LA ÚLTIMA TRANSACCIÓN |
| campo de control |
20250721150731.0 |
| 007 - CAMPO FIJO DE DESCRIPCIÓN FÍSICA--INFORMACIÓN GENERAL |
| campo de control de longitud fija |
ta |
| 008 - DATOS DE LONGITUD FIJA--INFORMACIÓN GENERAL |
| campo de control de longitud fija |
250721s2022 ck a|||| |||| 00| 0 spa d |
| 020 ## - NÚMERO INTERNACIONAL ESTÁNDAR DEL LIBRO |
| Número Internacional Estándar del Libro |
ISBN: 9786287561625 |
| 040 ## - FUENTE DE CATALOGACIÓN |
| Centro catalogador/agencia de origen |
CO-PeBPM |
| Lengua de catalogación |
spa |
| Centro/agencia transcriptor |
CO-PeBPM |
| Normas de descripción |
rda |
| 041 ## - CÓDIGO DE IDIOMA |
| Código de lengua del texto/banda sonora o título independiente |
spa |
| 082 04 - NÚMERO DE LA CLASIFICACIÓN DECIMAL DEWEY |
| Número de clasificación |
868.865 L486l |
| Número de edición |
22 |
| 245 10 - MENCIÓN DEL TÍTULO |
| Título |
Leer para escribir |
| Resto del título |
: Memorias de mujeres en la guerra |
| Mención de responsabilidad, etc. |
/ Obras seleccionadas de la convocatoria abierta "Leer para escribir: Memorias de Mujeres en la Guerra (2022); Valentina Mejía Velásquez, encargada del proyecto; Elizabeth Daniela Rojas Mora, ilustraciones |
| 250 ## - MENCION DE EDICION |
| Mención de edición |
Primera edición |
| 260 ## - PUBLICACIÓN, DISTRIBUCIÓN, ETC. |
| Lugar de publicación, distribución, etc. |
Bogotá, Colombia |
| Nombre del editor, distribuidor, etc. |
: Centro Nacional de Memoria Histórica |
| Fecha de publicación, distribución, etc. |
, 2022 |
| 300 ## - DESCRIPCIÓN FÍSICA |
| Extensión |
188 páginas |
| Otras características físicas |
ilustraciones a color |
| Dimensiones |
19 centímetros |
| 500 ## - NOTA GENERAL |
| Nota general |
Incluye índice |
| 504 ## - NOTA DE BIBLIOGRAFÍA, ETC. |
| Nota de bibliografía, etc. |
Contiene bibliografía |
| 520 ## - RESUMEN, ETC. |
| Sumario, etc. |
La violencia contra las niñas y las mujeres se exacerbó en el contexto del conflicto armado debido a la actuación de los grupos armados, que profun- dizaron modelos patriarcales y victimizaciones basadas en el género, tanto en sus procesos intrafilas como en las comunidades afectadas por su presencia. Leer para escribir. Relatos de mujeres en la guerra es un ejercicio a través del cual mujeres colombianas crearon piezas artísticas y literarias a partir de la lectura de los relatos de otras mujeres que hicieron parte de los grupos paramilitares y que participaron en el Mecanismo No Judicial de Contribu- ción a la Verdad. En este libro encontrará tanto las obras creadas como los apartes de los relatos que las inspiraron. Se trata de una apuesta por visi- bilizar las múltiples violencias de género que se han cometido en el marco de imposiciones culturales y de la actuación de los grupos paramilitares en Colombia, y de poner en diálogo distintas realidades desde una perspectiva empática: un diálogo del que ahora usted, como lector, también hace parte. |
| 650 14 - PUNTO DE ACCESO ADICIONAL DE MATERIA--TÉRMINO DE MATERIA |
| Término de materia o nombre geográfico como elemento de entrada |
Escritos colombianos - siglo XXI |
| Fuente del encabezamiento o término |
LEMB |
| 650 14 - PUNTO DE ACCESO ADICIONAL DE MATERIA--TÉRMINO DE MATERIA |
| Término de materia o nombre geográfico como elemento de entrada |
Conflicto armado - Relatos personales - Colombia |
| Fuente del encabezamiento o término |
LEMB |
| 650 14 - PUNTO DE ACCESO ADICIONAL DE MATERIA--TÉRMINO DE MATERIA |
| Término de materia o nombre geográfico como elemento de entrada |
Conflicto armado en la literatura - Colecciones de escritos - siglo XXI - Colombia |
| Fuente del encabezamiento o término |
LEMB |
| 650 14 - PUNTO DE ACCESO ADICIONAL DE MATERIA--TÉRMINO DE MATERIA |
| Término de materia o nombre geográfico como elemento de entrada |
Mujeres como autoras - Colombia |
| Fuente del encabezamiento o término |
LEMB |
| 650 14 - PUNTO DE ACCESO ADICIONAL DE MATERIA--TÉRMINO DE MATERIA |
| Término de materia o nombre geográfico como elemento de entrada |
Memoria histótica - Colombia |
| Fuente del encabezamiento o término |
LEMB |
| 700 1# - ENTRADA AGREGADA--NOMBRE PERSONAL |
| Nombre de persona |
Rojas Mora, Elizabeth Daniela |
| Término indicativo de función/relación |
ilustraciones |
| 942 ## - ELEMENTOS DE ENTRADA SECUNDARIOS (KOHA) |
| Fuente del sistema de clasificación o colocación |
Clasificación Decimal Dewey |
| Tipo de ítem Koha |
Libros |
| Suprimir en OPAC |
No |